000
00307nam a22001457a 4500
008
210426b ||||| |||| 00| 0 eng d
020
_a
0688053068
041
_a
eng
080
_a
34
082
_a
34
100
_a
14
101
_a
JUR
245
_a
Rules of Order Revised
_c
Robert,H.M
942
_2
udc
_c
BK
999
_c
56765
_d
56765